| 000 | 00685nam a22002537a 4500 | ||
|---|---|---|---|
| 003 | OSt | ||
| 005 | 20151029094955.0 | ||
| 008 | 130308t xxu||||| |||| 00| 0 eng d | ||
| 020 | _a9780198314806 | ||
| 050 |
_aPR 83 _b.C941 2000 |
||
| 082 |
_aIB 820.7 _b C87 2000 |
||
| 100 | _aCroft, Steven | ||
| 245 |
_aSuccess in english literature : _ba practical guide to working with unseen texts at A Level _c Steven Croft, |
||
| 260 |
_aOxford : _bOxford University Press, _c 2000 . |
||
| 300 |
_a152p _c24.5 cm. |
||
| 521 | _aGrade 12 | ||
| 526 | _c1070L-1220L | ||
| 562 | _e4 | ||
| 942 |
_2lcc _cBK |
||
| 999 |
_c2284 _d2284 |
||